[Event "POL-chT 1st League"]
[Site "Leba"]
[Date "2023.09.30"]
[Round "8.6"]
[White "Ciesla, Adam"]
[Black "Rozycki, Bartlomiej"]
[Result "0-1"]
[WhiteElo "2268"]
[BlackElo "2181"]
[PlyCount "132"]
[EventDate "2023.09.23"]
[EventType "team-swiss"]
[EventRounds "9"]
[EventCountry "POL"]
[SourceTitle "EXT 2024"]
[Source "ChessBase"]
[SourceDate "2023.10.10"]
[SourceVersion "1"]
[SourceVersionDate "2023.10.10"]
[SourceQuality "1"]
[WhiteTeam "Czestochowa Hetman"]
[BlackTeam "Chylice Laura"]
[WhiteTeamCountry "POL"]
[BlackTeamCountry "POL"]

1. e4 e5 2. Nf3 Nc6 3. Bc4 Bc5 4. c3 Nf6 5. d3 d6 6. Nbd2 a6 7. Bb3 h6 8. Nf1 Be6 9. Ng3 Bxb3 10. axb3 0-0 11. b4 Ba7 12. Nf5 d5 13. Qe2 dxe4 14. dxe4 Ne7 15. N3h4 Nxf5 16. Nxf5 Qd7 17. Qf3 Kh7 18. Nxh6 Rad8 19. Bg5 Qd3 20. Bxf6 Qd2+ 21. Kf1 Rd3 22. Qe2 gxf6 23. Nf5 Rfd8 24. Qh5+ Kg8 25. Qg4+ Qg5 26. h4 Qxg4 27. Nh6+ Kg7 28. Nxg4 Rd1+ 29. Ke2 R1d2+ 30. Ke1 Rxb2 31. Rh3 Rdd2 32. Rg3 Kh8 33. Rd1 Bxf2+ 34. Nxf2 Re2+ 35. Kf1 Rxf2+ 36. Kg1 Rbd2 37. Rxd2 Rxd2 38. Kf1 b6 39. Ke1 Rd8 40. Ke2 a5 41. bxa5 bxa5 42. Rf3 Kg7 43. g4 Rb8 44. Kd3 a4 45. Rf1 Rb2 46. Ra1 Rg2 47. g5 Rg3+ 48. Kc4 Re3 49. Kd5 c6+ 50. Kxc6 Rxe4 51. gxf6+ Kxf6 52. h5 Ke6 53. Kb5 f5 54. h6 Rh4 55. Rxa4 f4 56. c4 f3 57. c5 f2 58. Ra1 e4 59. Kc4 Ke5 60. Rf1 e3+ 61. Kd3 Kf4 62. Ke2 Rxh6 63. Rd1 Ra6 64. Rd4+ Kg3 65. Rd6 Rxd6 66. cxd6 Kg2 0-1

[Event "POL-chT 1st League"]
[Site "Leba"]
[Date "2023.09.29"]
[Round "7.2"]
[White "Rozycki, Bartlomiej"]
[Black "Sabuk, Piotr"]
[Result "1/2-1/2"]
[WhiteElo "2181"]
[BlackElo "2394"]
[PlyCount "37"]
[EventDate "2023.09.23"]
[EventType "team-swiss"]
[EventRounds "9"]
[EventCountry "POL"]
[SourceTitle "EXT 2024"]
[Source "ChessBase"]
[SourceDate "2023.10.10"]
[SourceVersion "1"]
[SourceVersionDate "2023.10.10"]
[SourceQuality "1"]
[WhiteTeam "Chylice Laura"]
[BlackTeam "Wisznia Mala Bialy Krol"]
[WhiteTeamCountry "POL"]
[BlackTeamCountry "POL"]

1. d4 d5 2. c4 e6 3. Nc3 Nf6 4. Bg5 Be7 5. e3 h6 6. Bh4 0-0 7. Nf3 Ne4 8. Bxe7 Qxe7 9. Nxe4 dxe4 10. Nd2 e5 11. d5 f5 12. Qc2 Nd7 13. Be2 b6 14. 0-0-0 Nc5 15. f3 Bd7 16. Qc3 Na4 17. Qc2 Nc5 18. Qc3 Na4 19. Qc2 1/2-1/2

[Event "Katowice POL-HUN 10th"]
[Site "Katowice"]
[Date "2023.09.09"]
[Round "3"]
[White "Rozycki, Bartlomiej"]
[Black "Kozak, Antoni"]
[Result "0-1"]
[WhiteElo "2181"]
[BlackElo "2427"]
[PlyCount "72"]
[EventDate "2023.09.09"]
[EventType "swiss (rapid)"]
[EventRounds "9"]
[EventCountry "POL"]
[SourceTitle "EXT 2024"]
[Source "ChessBase"]
[SourceDate "2023.10.10"]
[SourceVersion "1"]
[SourceVersionDate "2023.10.10"]
[SourceQuality "1"]

1. d4 Nf6 2. c4 e6 3. Nf3 d5 4. cxd5 exd5 5. Nc3 c6 6. Bg5 Be6 7. e3 Nbd7 8. Bd3 h6 9. Bh4 g5 10. Bg3 Nh5 11. Qc2 Qa5 12. 0-0-0 0-0-0 13. Bf5 Bb4 14. Bxe6 fxe6 15. Be5 Rhf8 16. Rdf1 Nhf6 17. Nd2 Bxc3 18. Qxc3 Qxc3+ 19. bxc3 Nxe5 20. dxe5 Ng4 21. f4 Nxe3 22. Rf3 gxf4 23. g3 c5 24. gxf4 Nf5 25. Rg1 Rg8 26. Rff1 Kc7 27. Nf3 Kc6 28. Kd2 b6 29. Kd3 Rdf8 30. h4 b5 31. h5 Ng3 32. Rf2 Nxh5 33. Rxg8 Rxg8 34. f5 exf5 35. Rh2 Rg3 36. Ke2 Rh3 0-1

[Event "Warsaw Najdorf Memorial op-A"]
[Site "Warsaw"]
[Date "2023.07.12"]
[Round "2"]
[White "Rozycki, Bartlomiej"]
[Black "Cherniaiev, Tykhon"]
[Result "1-0"]
[WhiteElo "2135"]
[BlackElo "2331"]
[PlyCount "137"]
[EventDate "2023.07.11"]
[EventType "swiss"]
[EventRounds "9"]
[EventCountry "POL"]
[SourceTitle "EXT 2024"]
[Source "ChessBase"]
[SourceDate "2023.10.10"]
[SourceVersion "1"]
[SourceVersionDate "2023.10.10"]
[SourceQuality "1"]

1. d4 Nf6 2. c4 e6 3. Nc3 d5 4. cxd5 exd5 5. Bg5 Be7 6. e3 c6 7. Bd3 h6 8. Bh4 0-0 9. Qc2 Nbd7 10. Nge2 Re8 11. 0-0 Ne4 12. Bxe7 Qxe7 13. Bxe4 dxe4 14. d5 Nf6 15. dxc6 bxc6 16. Qa4 Bb7 17. Rfd1 c5 18. Qa5 Ng4 19. Ng3 Qh4 20. h3 Nxe3 21. Rd7 Nc2 22. Qc7 e3 23. Rxf7 exf2+ 24. Kh2 Qg5 25. Rf1 Bxg2 26. Nf5 Kh8 27. Rxf2 Rac8 28. Qg3 Qxg3+ 29. Kxg3 Ne1 30. Nd6 Re3+ 31. Kf4 Rxc3 32. bxc3 Rc6 33. Rd2 c4 34. Kg3 Nd3 35. Rxg2 Rxd6 36. Kh2 Ne5 37. Rxa7 Nf3+ 38. Kg3 Ng5 39. Kg4 Rd3 40. h4 Ne4 41. Kf4 Nf6 42. Ke5 Nh5 43. Rc2 Rh3 44. a4 Rxh4 45. a5 Nf6 46. Ra2 Ne4 47. Ra3 Nd2 48. Rb7 Rh5+ 49. Ke6 Nb3 50. Rb8+ Kh7 51. a6 Nc5+ 52. Kd6 Nxa6 53. Rxa6 Rh3 54. Ra3 h5 55. Ke5 Rg3 56. Rc8 h4 57. Rxc4 h3 58. Rh4+ Kg6 59. Kf4 Rd3 60. Ra6+ Kf7 61. Rc6 Rd1 62. Rxh3 Rf1+ 63. Rf3 Rd1 64. Rc7+ Kg8 65. c4 Rc1 66. c5 Rc4+ 67. Kg5 Rc1 68. Rc8+ Kh7 69. Rh3# 1-0

[Event "Warsaw-ch op"]
[Site "Warsaw"]
[Date "2022.12.04"]
[Round "4"]
[White "Rozycki, Bartlomiej"]
[Black "Bartodziej, Bartosz"]
[Result "1-0"]
[WhiteElo "2196"]
[BlackElo "1896"]
[PlyCount "76"]
[EventDate "2022.12.03"]
[EventType "swiss"]
[EventRounds "9"]
[EventCountry "POL"]
[SourceTitle "EXT 2024"]
[Source "ChessBase"]
[SourceDate "2023.10.10"]
[SourceVersion "1"]
[SourceVersionDate "2023.10.10"]
[SourceQuality "1"]

1. e4 c5 2. Nf3 d6 3. d4 cxd4 4. Nxd4 Nf6 5. f3 e5 6. Nb3 d5 7. Bg5 Be6 8. Bxf6 gxf6 9. exd5 Qxd5 10. Qxd5 Bxd5 11. Nc3 Be6 12. 0-0-0 Nc6 13. Bb5 a6 14. Bd3 Rc8 15. g4 h5 16. h3 Bb4 17. Ne4 Ke7 18. c3 Nd4 19. Kb1 Nxb3 20. axb3 Ba5 21. b4 Bb6 22. Ng3 hxg4 23. hxg4 Rxh1 24. Rxh1 Bf2 25. Ne4 Be3 26. Kc2 f5 27. gxf5 Bxf5 28. Rh5 Bxe4 29. Bxe4 Rc7 30. Bxb7 Bf4 31. Bxa6 Kd6 32. Bd3 Rb7 33. Rh7 Ke7 34. b5 Kd6 35. b4 Be3 36. c4 Bd4 37. c5+ Bxc5 38. Rh6+ Kd5 1-0

[Event "Warsaw Chess op-A"]
[Site "Warsaw"]
[Date "2022.07.21"]
[Round "4"]
[White "Rozycki, Bartlomiej"]
[Black "Pacan Milej, Kosma"]
[Result "0-1"]
[WhiteElo "2210"]
[BlackElo "2412"]
[PlyCount "144"]
[EventDate "2022.07.18"]
[EventType "swiss"]
[EventRounds "9"]
[EventCountry "POL"]
[SourceTitle "CBM 209 Extra"]
[Source "ChessBase"]
[SourceDate "2022.09.30"]
[SourceVersion "1"]
[SourceVersionDate "2022.09.30"]
[SourceQuality "1"]

1. d4 Nf6 2. c4 g6 3. Nc3 Bg7 4. e4 0-0 5. Nf3 d6 6. Be2 e5 7. Be3 Ng4 8. Bg5 f6 9. Bh4 Nc6 10. d5 Ne7 11. Nd2 Nh6 12. 0-0 g5 13. Bg3 f5 14. f3 Ng6 15. b4 Nf4 16. c5 Nxe2+ 17. Qxe2 f4 18. Bf2 g4 19. Rfc1 Rf7 20. cxd6 cxd6 21. Nb5 a6 22. Nc3 Bf8 23. Na4 Rg7 24. Kh1 Qg5 25. Nb6 gxf3 26. Qxf3 Bg4 27. Qd3 Re8 28. Rc3 Qh5 29. Rac1 Nf7 30. Rc7 Ng5 31. Rxg7+ Bxg7 32. Rc3 Be2 33. Qc2 f3 34. Nbc4 Bxc4 35. Rxc4 fxg2+ 36. Kxg2 Qg4+ 37. Kf1 Rf8 38. Ke1 Nh3 39. Bg3 Bh6 40. Qd1 Qg5 41. Rc3 Ng1 42. Nc4 Qg6 43. Qd3 Rf3 44. Qc2 Rxc3 45. Qxc3 Qxe4+ 46. Kf1 Ne2 47. Qe1 Qf3+ 48. Qf2 Nxg3+ 49. hxg3 Qh1+ 50. Qg1 Qxd5 51. Na5 Qb5+ 52. Kg2 Qxb4 53. Nb3 Qe4+ 54. Kh3 Be3 55. Qe1 d5 56. Qa5 Qf5+ 57. Kg2 Qd7 58. Kf3 Ba7 59. Nd2 e4+ 60. Kg2 h5 61. Qc3 h4 62. Qf6 hxg3 63. Qg6+ Kf8 64. Qh6+ Ke7 65. Qh4+ Kd6 66. Qxg3+ Kc6 67. Nb3 Bc5 68. a4 Qd6 69. Qc3 Qg6+ 70. Kh3 Qh5+ 71. Kg3 Qg5+ 72. Kh2 Qf4+ 0-1

[Event "Warsaw Chess op-A"]
[Site "Warsaw"]
[Date "2022.07.18"]
[Round "1"]
[White "Celinski, Kamil"]
[Black "Rozycki, Bartlomiej"]
[Result "0-1"]
[WhiteElo "1876"]
[BlackElo "2210"]
[PlyCount "88"]
[EventDate "2022.07.18"]
[EventType "swiss"]
[EventRounds "9"]
[EventCountry "POL"]
[SourceTitle "CBM 209 Extra"]
[Source "ChessBase"]
[SourceDate "2022.09.30"]
[SourceVersion "1"]
[SourceVersionDate "2022.09.30"]
[SourceQuality "1"]

1. e4 c5 2. Nf3 e6 3. g3 Nc6 4. Bg2 g6 5. 0-0 Bg7 6. c3 Nge7 7. d4 cxd4 8. cxd4 d6 9. Nc3 0-0 10. Be3 d5 11. exd5 exd5 12. Qb3 Na5 13. Qc2 Bf5 14. Qc1 Rc8 15. Bg5 Re8 16. Re1 Qd6 17. Qe3 Be6 18. Bf4 Qb4 19. Qc1 Nf5 20. Be5 Bxe5 21. Nxe5 Nxd4 22. Qh6 Rcd8 23. Red1 Nac6 24. Nxc6 bxc6 25. a3 Qxb2 26. Qe3 Qxc3 27. Qxd4 Qxd4 28. Rxd4 c5 29. Rd2 d4 30. Rc2 d3 31. Rd2 c4 32. Rc1 Rd6 33. Bf3 Rc8 34. Rc3 Kg7 35. Bd1 Kf6 36. f4 Kf5 37. Bf3 Rb6 38. Kf2 Rcb8 39. Ke3 Rb3 40. g4+ Kf6 41. g5+ Ke7 42. Rc1 Rxa3 43. Kd4 a5 44. Rdd1 d2 0-1

[Event "Chylice"]
[Site "Chylice"]
[Date "2022.04.05"]
[Round "3"]
[White "Nowak, Lukasz1111"]
[Black "Rozycki, Bartlomiej"]
[Result "0-1"]
[WhiteElo "2343"]
[BlackElo "2219"]
[PlyCount "66"]
[EventDate "2022.03.22"]
[EventType "tourn"]
[EventRounds "7"]
[EventCountry "POL"]
[EventCategory "2"]
[SourceTitle "EXT 2023"]
[Source "ChessBase"]
[SourceDate "2022.10.05"]
[SourceVersion "1"]
[SourceVersionDate "2022.10.05"]
[SourceQuality "1"]

1. d4 Nf6 2. c4 e6 3. Nf3 b6 4. a3 Bb7 5. Bf4 d5 6. cxd5 exd5 7. Nc3 Bd6 8. Bxd6 Qxd6 9. Rc1 a6 10. e3 0-0 11. Bd3 Nbd7 12. 0-0 c5 13. dxc5 bxc5 14. Re1 Rfe8 15. Re2 Rad8 16. Rd2 Ne5 17. Be2 d4 18. exd4 Bxf3 19. Bxf3 cxd4 20. Na4 d3 21. Bb7 Neg4 22. g3 Qd4 23. Kg2 Nxf2 24. Rxf2 d2 25. Rc3 Re1 26. Qxd2 Qxd2 27. Rxd2 Rxd2+ 28. Kf3 g5 29. h3 h5 30. Nc5 g4+ 31. hxg4 hxg4+ 32. Kf4 Rf2+ 33. Kg5 Re5+ 0-1

[Event "POL-chT 1st League"]
[Site "Szklarska Poreba"]
[Date "2021.09.09"]
[Round "6.4"]
[White "Jakubiec, Artur"]
[Black "Rozycki, Bartlomiej"]
[Result "1-0"]
[WhiteElo "2438"]
[BlackElo "2196"]
[PlyCount "59"]
[EventDate "2021.09.04"]
[EventType "team-swiss"]
[EventRounds "9"]
[EventCountry "POL"]
[SourceTitle "CBM 204 Extra"]
[Source "ChessBase"]
[SourceDate "2021.11.30"]
[SourceVersion "1"]
[SourceVersionDate "2021.11.30"]
[SourceQuality "1"]
[WhiteTeam "Dabrowa Gornicza Zaglebie"]
[BlackTeam "Chylice Laura"]
[WhiteTeamCountry "POL"]
[BlackTeamCountry "POL"]

1. Nf3 d5 2. g3 c6 3. Bg2 Bg4 4. Ne5 Bf5 5. c4 Nd7 6. Nxd7 Qxd7 7. cxd5 cxd5 8. d3 e6 9. 0-0 h5 10. e4 dxe4 11. dxe4 Bg6 12. Qxd7+ Kxd7 13. Rd1+ Kc8 14. Bf4 Ne7 15. b4 Nc6 16. b5 Na5 17. Nd2 Bc5 18. Rac1 b6 19. Bd6 Nb7 20. e5 Nxd6 21. Bxa8 Nxb5 22. Nb3 Kc7 23. Bf3 h4 24. a4 Na3 25. Nxc5 bxc5 26. Rxc5+ Kb6 27. Rc3 Nc2 28. Rb1+ Ka5 29. Rc5+ Ka6 30. Bb7# 1-0

[Event "POL-ch Academic"]
[Site "Chorzow"]
[Date "2021.05.15"]
[Round "9.6"]
[White "Cukrowski, Filip"]
[Black "Rozycki, Bartlomiej"]
[Result "1/2-1/2"]
[WhiteElo "2412"]
[BlackElo "2196"]
[PlyCount "126"]
[EventDate "2021.05.14"]
[EventType "swiss (rapid)"]
[EventRounds "9"]
[EventCountry "POL"]
[SourceTitle "CBM 202 Extra"]
[Source "ChessBase"]
[SourceDate "2021.07.31"]
[SourceVersion "1"]
[SourceVersionDate "2021.07.31"]
[SourceQuality "1"]

1. d4 Nf6 2. Bf4 e6 3. e3 d5 4. Nf3 c5 5. c3 Nc6 6. Nbd2 Bd6 7. Bg3 0-0 8. Bd3 b6 9. 0-0 Bxg3 10. hxg3 Qd6 11. Re1 e5 12. e4 cxd4 13. cxd4 dxe4 14. Nxe4 Nxe4 15. Bxe4 Bg4 16. Bxc6 Qxc6 17. Nxe5 Bxd1 18. Nxc6 Ba4 19. d5 Rfe8 20. Rxe8+ Rxe8 21. Nxa7 Kf8 22. b3 Ra8 23. bxa4 Rxa7 24. Rb1 Rxa4 25. Rxb6 Rxa2 26. d6 Ke8 27. f3 Rd2 28. Rb8+ Kd7 29. Rg8 g6 30. Rg7 Ke6 31. Rxh7 Rxd6 32. g4 Rd2 33. Kh2 g5 34. Kg3 Kf6 35. Rh6+ Kg7 36. Rc6 f6 37. Rc3 Kg6 38. Rc1 Ra2 39. Rf1 Ra3 40. Rf2 Rb3 41. Re2 Ra3 42. Rd2 Rb3 43. Kf2 Kf7 44. g3 Ke6 45. Ra2 Rb6 46. f4 gxf4 47. gxf4 Kf7 48. Re2 Kg6 49. Re7 Rb2+ 50. Kg3 Rb1 51. f5+ Kh6 52. Rf7 Rb6 53. Kf3 Ra6 54. Kg3 Rb6 55. Kh4 Ra6 56. Re7 Ra1 57. Rf7 Ra6 58. Kh3 Ra3+ 59. Kg2 Kg5 60. Rg7+ Kf4 61. Rg6 Rg3+ 62. Kf2 Rxg4 63. Rxf6 Rg5 1/2-1/2

[Event "POL-ch Academic"]
[Site "Chorzow"]
[Date "2021.05.14"]
[Round "4.4"]
[White "Gumularz, Szymon"]
[Black "Rozycki, Bartlomiej"]
[Result "1-0"]
[WhiteElo "2517"]
[BlackElo "2196"]
[PlyCount "37"]
[EventDate "2021.05.14"]
[EventType "swiss (rapid)"]
[EventRounds "9"]
[EventCountry "POL"]
[SourceTitle "CBM 202 Extra"]
[Source "ChessBase"]
[SourceDate "2021.07.31"]
[SourceVersion "1"]
[SourceVersionDate "2021.07.31"]
[SourceQuality "1"]

1. d4 Nf6 2. Bf4 e6 3. e3 d5 4. Nf3 c5 5. c3 Nc6 6. Nbd2 Bd6 7. Bg3 0-0 8. Bd3 b6 9. Qe2 Bb7 10. Rd1 Qc7 11. e4 e5 12. exd5 Nxd5 13. dxe5 Rfe8 14. Nc4 Bf8 15. Be4 Nf6 16. exf6 Qc8 17. fxg7 Bxg7 18. Nd6 Qg4 19. 0-0 1-0

[Event "POL-chT 1st League"]
[Site "Dzwirzyno"]
[Date "2019.09.10"]
[Round "4.3"]
[White "Dzierzak, Radoslaw"]
[Black "Rozycki, Bartlomiej"]
[Result "1-0"]
[WhiteElo "2253"]
[BlackElo "2200"]
[PlyCount "118"]
[EventDate "2019.09.07"]
[EventType "team-tourn"]
[EventRounds "9"]
[EventCountry "POL"]
[SourceTitle "EXT 2020"]
[Source "ChessBase"]
[SourceDate "2019.10.17"]
[SourceVersion "1"]
[SourceVersionDate "2019.10.17"]
[SourceQuality "1"]
[WhiteTeam "Podlesie UKS 21"]
[BlackTeam "Chylice Laura"]
[WhiteTeamCountry "POL"]
[BlackTeamCountry "POL"]

1. d4 Nf6 2. Nf3 e6 3. e3 b6 4. Bd3 Bb7 5. 0-0 Be7 6. c4 d5 7. cxd5 exd5 8. Nc3 0-0 9. b3 c5 10. Bb2 Nc6 11. Ne2 Ne4 12. Rc1 Rc8 13. a3 Bf6 14. Bb1 Qe7 15. Nf4 Rfd8 16. Nh5 Ba6 17. Nxf6+ Qxf6 18. Bd3 Bxd3 19. Qxd3 cxd4 20. Nxd4 Ne5 21. Qe2 Rxc1 22. Rxc1 Nd3 23. Rf1 Nxb2 24. Qxb2 Rc8 25. f3 Nd6 26. Qd2 g6 27. Rc1 Rxc1+ 28. Qxc1 Qe5 29. Nc6 Qg5 30. Qc3 a6 31. Qe5 Qxe5 32. Nxe5 Ne8 33. Kf2 f6 34. Nd7 b5 35. Ke2 Kf7 36. Nc5 a5 37. Kd3 Nd6 38. Kd4 Nf5+ 39. Kxd5 Nxe3+ 40. Kc6 b4 41. a4 Nxg2 42. Kb6 Ke7 43. Kxa5 Kd6 44. Kxb4 Kc6 45. Ne4 f5 46. Nd2 Ne3 47. Kc3 Kd5 48. b4 g5 49. a5 g4 50. Kd3 Nd1 51. b5 gxf3 52. a6 Nb2+ 53. Kc3 Na4+ 54. Kb4 Nb6 55. Nxf3 f4 56. Nd2 Na8 57. Ka5 Kc5 58. Ne4+ Kd4 59. b6 Kxe4 1-0

[Event "POL-chT 1st League"]
[Site "Dzwirzyno"]
[Date "2019.09.08"]
[Round "2.2"]
[White "Kucza, Karol"]
[Black "Rozycki, Bartlomiej"]
[Result "1/2-1/2"]
[WhiteElo "2280"]
[BlackElo "2200"]
[PlyCount "49"]
[EventDate "2019.09.07"]
[EventType "team-tourn"]
[EventRounds "9"]
[EventCountry "POL"]
[SourceTitle "EXT 2020"]
[Source "ChessBase"]
[SourceDate "2019.10.17"]
[SourceVersion "1"]
[SourceVersionDate "2019.10.17"]
[SourceQuality "1"]
[WhiteTeam "Plock Hetman"]
[BlackTeam "Chylice Laura"]
[WhiteTeamCountry "POL"]
[BlackTeamCountry "POL"]

1. e4 c6 2. d4 d5 3. Nc3 dxe4 4. Nxe4 Bf5 5. Qf3 e6 6. c3 Nf6 7. Nxf6+ Qxf6 8. Ne2 Bd6 9. Ng3 Bg6 10. Qxf6 gxf6 11. Bh6 Nd7 12. Be2 0-0-0 13. 0-0 Bf8 14. Bxf8 Rhxf8 15. f4 f5 16. Rad1 Nf6 17. Bf3 Nd5 18. Bxd5 Rxd5 19. Kf2 Rfd8 20. Ke3 c5 21. Rf2 cxd4+ 22. Rxd4 Rxd4 23. cxd4 Kd7 24. Rc2 f6 25. Ne2 1/2-1/2

[Event "Mazowiec-chT op 1819"]
[Site "Warsaw"]
[Date "2019.02.17"]
[Round "7.5"]
[White "Rozycki, Bartlomiej"]
[Black "Duch, Mariusz"]
[Result "1-0"]
[WhiteElo "2183"]
[BlackElo "2218"]
[PlyCount "135"]
[EventDate "2018.12.02"]
[EventType "team-swiss"]
[EventRounds "10"]
[EventCountry "POL"]
[SourceTitle "EXT 2020"]
[Source "ChessBase"]
[SourceDate "2019.10.17"]
[SourceVersion "1"]
[SourceVersionDate "2019.10.17"]
[SourceQuality "1"]

1. e4 d6 2. d4 Nf6 3. Nc3 g6 4. f3 Bg7 5. Be3 0-0 6. Qd2 e5 7. d5 c6 8. 0-0-0 cxd5 9. Nxd5 Nxd5 10. Qxd5 Nc6 11. Qxd6 Qa5 12. Qd5 Qc7 13. Qd6 Qa5 14. Qd5 Qc7 15. Qd6 Qa5 16. Bc4 Rd8 17. Qc5 Rxd1+ 18. Kxd1 Qc7 19. Bd5 Bd7 20. Ne2 Rc8 21. Nc3 Qd8 22. Kc1 b6 23. Qc4 Nd4 24. Qa6 Qc7 25. Kb1 b5 26. Qb7 Qd6 27. Bxd4 exd4 28. Nxb5 Qc5 29. Na3 d3 30. cxd3 Qd4 31. Rd1 Be5 32. Nc2 Qf2 33. Bxf7+ Kh8 34. Bb3 Qe2 35. Rc1 Qxd3 36. g3 a5 37. Qd5 Qxd5 38. Bxd5 Rb8 39. b3 a4 40. f4 Bc3 41. Ne3 Bd2 42. Rc7 Bxe3 43. Rxd7 a3 44. e5 Rc8 45. Bc4 Bc5 46. e6 Re8 47. h3 Be7 48. Kc2 h6 49. Rb7 g5 50. f5 Kg7 51. g4 Kf6 52. b4 Rd8 53. b5 Rd4 54. Kc3 Rf4 55. b6 Rf3+ 56. Bd3 Rf2 57. Bc2 Rf3+ 58. Kd2 Rf2+ 59. Kd3 Rf3+ 60. Ke2 Rf4 61. Rd7 Rb4 62. b7 Rb6 63. Kd3 Rb4 64. Kc3 Rb6 65. Bb3 Bb4+ 66. Kc4 Be7 67. Kd5 Rb4 68. Kc6 1-0

[Event "Gora Sw Anny op 12th"]
[Site "Gora Sw Anny"]
[Date "2019.01.31"]
[Round "7"]
[White "Rozycki, Bartlomiej"]
[Black "Fiedorek, Michal"]
[Result "1-0"]
[WhiteElo "2177"]
[BlackElo "2183"]
[PlyCount "75"]
[EventDate "2019.01.26"]
[EventType "swiss"]
[EventRounds "10"]
[EventCountry "POL"]
[SourceTitle "CBM 188 Extra"]
[Source "ChessBase"]
[SourceDate "2019.02.26"]
[SourceVersion "1"]
[SourceVersionDate "2019.02.26"]
[SourceQuality "1"]

1. d4 Nf6 2. c4 g6 3. Nc3 Bg7 4. e4 d6 5. Bd3 0-0 6. Nge2 c5 7. d5 e6 8. Bg5 h6 9. Bh4 exd5 10. exd5 Na6 11. f4 Qb6 12. Qd2 Re8 13. 0-0 Ng4 14. Rf3 f5 15. a3 Bd7 16. h3 Nf6 17. Qc2 h5 18. Kh2 Ne4 19. Rb1 Nxc3 20. bxc3 Qc7 21. Rg1 Qc8 22. Rff1 Nc7 23. g4 hxg4 24. hxg4 Nxd5 25. cxd5 c4 26. Bxf5 gxf5 27. gxf5 Bxf5 28. Qd2 Kf7 29. Rxg7+ Kxg7 30. Qd4+ Kh7 31. Ng3 Bd3 32. Nh5 Re2+ 33. Bf2 Re5 34. fxe5 Bxf1 35. Nf6+ Kg6 36. e6 Qh8+ 37. Bh4 Be2 38. Qg1+ 1-0